Fanny Hill : le memorie di una ragazza di piacere /

Guardado en:
Detalles Bibliográficos
Autor principal: Cleland, John, (1709-1789) (Autor)
Otros Autores: Angeli, Mariangela (Traductor)
Formato: Libro
Lenguaje:italiano
Publicado: Roma : Editori associati, 1964
Colección:I classici proibiti ; 5
Etiquetas: Agregar Etiqueta
Sin Etiquetas, Sea el primero en etiquetar este registro!

MARC

LEADER 00000nam a22000007i 4500
001 IT\ICCU\SBL\0273597
003 ItRI
005 20260115232315.0
008 910930s1964 it |||||| ||||| |||||c
015 |2 IT  |a 6411664 
040 |b ita  |c importazione bologna sebina 
041 7 |a ita  |2 ISO-639-2 
082 |a 823.6  |9 NARRATIVA INGLESE. 1745-1800  |2 16 
100 1 |a Cleland, John,  |d  (1709-1789)  |0 IT\ICCU\CFIV\050627  |4 aut 
240 1 0 |a Memoirs of a woman of pleasure  |3 IT\ICCU\RAV\0195263  |9 Cleland, John <1709-1789> 
245 1 0 |a Fanny Hill :  |b le memorie di una ragazza di piacere /  |c John Cleland. 
260 |a Roma :  |b Editori associati,  |c 1964 
300 |a 227 p., [8] c. di tav. :  |b ill. ;  |c 22 c 
500 |a Trad. M. Angeli 
500 |a In custodia 
700 1 |a Angeli, Mariangela  |0 IT\ICCU\SBLV\150386  |4 trl 
830 2 |a I classici proibiti ;  |v 5  |0 IT\ICCU\SBL\0112123 
942 |2 ddc  |c BK  |n 0 
952 |0 0  |1 0  |4 0  |6 DOC_823_600000000000000_CLE  |7 0  |9 23915  |a BO  |b BO  |d 2026-01-15  |i 14265  |l 0  |o DOC 823.6 CLE  |p BO14265  |r 2026-01-15 23:23:15  |w 2026-01-15  |x [Sebina 5] [1 v.]  |y BK  |z 1 v. 
999 |c 20370  |d 20370